[Event "57.SMM Deutschnofen/Alp-Brixen/Milland"]
[Site "?"]
[Date "2025.11.08"]
[Round "1.1"]
[White "Brenninger, Daniel"]
[Black "Lain, Luigi"]
[Result "0-1"]
[WhiteElo "2092"]
[BlackElo "2270"]
[PlyCount "124"]
[EventDate "2025.11.08"]

1. e4 e5 2. Nf3 Nc6 3. d4 exd4 4. Nxd4 Bc5 5. Be3 Qf6 6. c3 Nge7 7. Qf3 Qxf3 8. gxf3 Nxd4 9. cxd4 Bb6 10. Nc3 O-O 11. Bc4 d6 12. O-O-O Bd7 13. h4 Kh8 14. f4 d5 15. Nxd5 Nxd5 16. Bxd5 c6 17. Bc4 Bg4 18. d5 Bxd1 19. Rxd1 cxd5 20. Bxd5 Bxe3+ 21. fxe3 Rac8+ 22. Kb1 Rc7 23. e5 g6 24. e4 Kg7 25. Rg1 Re8 26. h5 Kh6 27. hxg6 fxg6 28. Rh1+ Kg7 29. Rg1 b6 30. a3 Rce7 31. e6 Rc7 32. f5 Kf6 33. fxg6 hxg6 34. Rf1+ Ke5 35. Rg1 Rg7 36. Kc2 g5 37. Kd3 Rf8 38. Ke3 g4 39. Rg3 Kd6 40. Kd4 Rf4 41. Rc3 Rc7 42. Rg3 Rc2 43. b3 Rc8 44. a4 a6 45. Bc4 Ra8 46. e7 Re8 47. Bxa6 Rxe7 48. Bd3 Ke6 49. b4 Rd7+ 50. Ke3 Ke5 51. a5 bxa5 52. bxa5 Rdf7 53. Kd2 Rf2+ 54. Be2 Rb7 55. Ke3 Rh2 56. a6 Rb3+ 57. Bd3 Rh3 58. Rxh3 gxh3 59. a7 Ra3 60. Kf2 Kf4 61. Bf1 Ra2+ 62. Kg1 Kg3 0-1

[Event "57.SMM Deutschnofen/Alp-Brixen/Milland"]
[Site "?"]
[Date "2025.11.08"]
[Round "1.2"]
[White "Gennari, Jacopo"]
[Black "Sader, Michael"]
[Result "1-0"]
[WhiteElo "2128"]
[BlackElo "2039"]
[PlyCount "85"]
[EventDate "2025.11.08"]

{[%evp 0,85,30,26,73,44,34,20,31,40,75,100,140,109,102,97,97,126,129,129,131,126,122,74,111,111,91,104,131,106,112,111,111,105,114,105,105,97,103,83,167,155,139,133,133,136,172,100,82,118,118,144,165,150,171,180,144,151,151,159,165,153,200,93,126,94,104,89,101,101,139,101,133,101,126,101,109,101,132,135,257,267,270,280,442,485,29999,-30000]} 1. d4 g6 2. c4 c5 3. d5 Bg7 4. e4 b5 5. cxb5 a6 6. a4 axb5 7. Bxb5 Ba6 8. Ra3 Bxb5 9. axb5 Rxa3 10. Nxa3 d6 11. Nf3 Nd7 12. O-O Ngf6 13. Re1 Ng4 14. h3 Nge5 15. Nxe5 Nxe5 16. f4 Nd7 17. Nc4 O-O 18. Bd2 Qa8 19. Bc3 Bxc3 20. bxc3 Qa2 21. Qd3 Rb8 22. Rb1 Nf6 23. g3 Nh5 24. Rb2 Qa4 25. Nd2 c4 26. Qxc4 Qxc4 27. Nxc4 Nxg3 28. e5 Ne4 29. exd6 exd6 30. b6 Kf8 31. Na5 Nc5 32. Rb4 Ke8 33. Kg2 Kd7 34. Kf3 Ra8 35. Rb5 Rb8 36. Ke3 Re8+ 37. Kd2 Rb8 38. Kc2 Na4 39. Nc4 Nc5 40. Ra5 Ke7 41. Ra7+ Kf6 42. Nxd6 Rxb6 43. Rxf7# 1-0

[Event "57.SMM Deutschnofen/Alp-Brixen/Milland"]
[Site "?"]
[Date "2025.11.08"]
[Round "1.3"]
[White "Paulmichl, Martin"]
[Black "Micheli, Carlo"]
[Result "0-1"]
[WhiteElo "1943"]
[BlackElo "2123"]
[PlyCount "98"]
[EventDate "2025.11.08"]

{[%evp 0,98,30,-21,-25,-32,7,-7,-12,3,3,-12,13,6,0,-2,13,13,12,-14,28,34,51,39,36,44,47,51,76,64,79,56,100,90,93,88,83,56,76,65,51,49,55,35,38,33,97,93,112,101,101,100,92,94,93,81,83,3,9,32,13,-21,13,47,6,0,43,44,44,8,-28,-19,0,0,0,-34,-7,0,0,0,0,0,0,-146,-138,-176,-164,-168,-186,-186,-215,-200,-200,-207,-253,-225,-253,-255,-309,-312,-164]} 1. f4 Nf6 2. Nf3 c5 3. e3 Nc6 4. b3 e6 5. Bb2 Be7 6. Be2 d5 7. O-O O-O 8. Ne5 Qc7 9. d3 Ne8 10. Nd2 f6 11. Nxc6 Qxc6 12. e4 Nc7 13. Bf3 f5 14. c4 fxe4 15. dxe4 d4 16. e5 Qe8 17. Be4 Rb8 18. a4 b6 19. Qg4 Bb7 20. Bd3 g6 21. Rae1 Kh8 22. Ne4 Bxe4 23. Bxe4 a6 24. Rf3 b5 25. axb5 axb5 26. cxb5 Rxb5 27. Rh3 Rg8 28. Qf3 Qf7 29. Qd3 Rbb8 30. Bc1 Rbd8 31. Rf1 Nd5 32. Bd2 Rb8 33. Bxd5 exd5 34. f5 gxf5 35. Rxf5 Qg6 36. Rg3 Rxb3 37. Qxb3 Qxf5 38. Rxg8+ Kxg8 39. Qxd5+ Kg7 40. h3 h5 41. h4 Bxh4 42. Kh2 Be7 43. Kg1 h4 44. Qc6 h3 45. Qh6+ Kf7 46. gxh3 Qg6+ 47. Kf2 Qxh6 48. Bxh6 Ke6 49. Bf4 Bh4+ 0-1

[Event "57.SMM Deutschnofen/Alp-Brixen/Milland"]
[Site "?"]
[Date "2025.11.08"]
[Round "1.4"]
[White "Thurner, Markus"]
[Black "Kues, Jarl-Hendrik"]
[Result "1/2-1/2"]
[WhiteElo "1958"]
[BlackElo "2149"]
[PlyCount "29"]
[EventDate "2025.11.08"]

{[%evp 0,29,30,30,46,51,95,31,31,17,12,-6,24,-12,-3,-13,-17,-21,-17,-1,8,2,1,12,9,2,24,23,34,27,32,2]} 1. e4 c5 2. Nf3 g6 3. g3 Bg7 4. Bg2 Nf6 5. O-O d6 6. c3 Nc6 7. d3 O-O 8. Re1 e5 9. Na3 Rb8 10. Nc2 h6 11. d4 cxd4 12. cxd4 b6 13. Bd2 Bb7 14. Bc3 Rc8 15. d5 1/2-1/2

[Event "57.SMM Deutschnofen/Alp-Brixen/Milland"]
[Site "?"]
[Date "2025.11.08"]
[Round "1.5"]
[White "Zuna, Lavdosh"]
[Black "Brotto, Alessandro"]
[Result "1-0"]
[WhiteElo "1937"]
[BlackElo "2066"]
[PlyCount "105"]
[EventDate "2025.11.08"]

{[%evp 0,105,30,30,14,1,1,-17,-13,-3,-24,-30,-48,-34,-8,-47,-9,6,19,52,35,20,39,39,53,49,40,29,39,39,16,-7,20,0,0,0,21,43,45,51,51,31,60,65,100,57,132,99,149,166,143,159,126,131,130,33,98,107,138,105,140,141,134,147,161,143,177,145,172,137,163,170,432,130,339,243,252,136,285,313,343,377,394,418,412,229,311,324,352,250,257,261,272,273,274,270,270,273,271,291,296,308,459,229,293,300,386,364]} 1. d4 d5 2. g3 Nf6 3. Bg2 c5 4. e3 Nc6 5. Nf3 Bf5 6. O-O h6 7. Re1 Bh7 8. c4 e6 9. cxd5 exd5 10. a3 c4 11. b3 cxb3 12. Qxb3 Qb6 13. Qa2 Bd3 14. Ne5 Nxe5 15. dxe5 Ne4 16. Qxd5 Rd8 17. Qa2 Qa5 18. Nd2 Be7 19. Nf3 O-O 20. Bb2 Rc8 21. Rec1 Qa4 22. Bd4 Rxc1+ 23. Rxc1 Qxa3 24. Qxa3 Bxa3 25. Rc7 Bb4 26. Bxa7 b5 27. Rb7 Bc4 28. Nd4 Nc5 29. Rc7 Nd3 30. Nc6 Be1 31. f4 Kh8 32. Bf3 Be6 33. Kf1 Bc3 34. Be4 Bc4 35. Kg1 Bd2 36. Bd4 Ra8 37. Na7 Rb8 38. f5 Ba5 39. Rd7 Nb4 40. e6 fxe6 41. Rxg7 Rd8 42. Rg6+ Rxd4 43. exd4 Bb6 44. Rxh6+ Kg7 45. Rg6+ Kf8 46. Nc8 Bxd4+ 47. Kg2 exf5 48. Bxf5 Nd5 49. Nd6 Ne7 50. Rg5 Nxf5 51. Nxf5 Bc5 52. Kf3 Bd3 53. Nd4 1-0

[Event "57.SMM Deutschnofen/Alp-Brixen/Milland"]
[Site "?"]
[Date "2025.11.08"]
[Round "1.6"]
[White "Welsch, Ulrich"]
[Black "Wisthaler, Lukas"]
[Result "1/2-1/2"]
[WhiteElo "1859"]
[BlackElo "1907"]
[PlyCount "46"]
[EventDate "2025.11.08"]

{[%evp 0,46,22,14,14,1,-7,-13,31,-11,9,-14,-9,-15,-14,-11,-18,-14,-20,-13,-9,-33,-9,-13,8,15,2,6,21,-9,21,15,27,28,40,22,40,34,31,16,26,11,20,12,25,17,25,23,24]} 1. d4 d5 2. g3 Nf6 3. Bg2 c6 4. Nd2 Bf5 5. Ngf3 h6 6. c4 e6 7. O-O Nbd7 8. b3 Be7 9. Bb2 O-O 10. Re1 Ne4 11. Nxe4 Bxe4 12. Nd2 Bxg2 13. Kxg2 Nf6 14. e4 dxe4 15. Nxe4 Nxe4 16. Rxe4 Bf6 17. Qe2 Qd7 18. Rd1 Rad8 19. Qc2 Rfe8 20. Re2 Qc7 21. Red2 Qb8 22. Rd3 Rd7 23. Bc3 Qc7 1/2-1/2

[Event "57.SMM Klausen/Rk-Gröden"]
[Site "?"]
[Date "2025.11.08"]
[Round "1.1"]
[White "Casadio, Niccolò"]
[Black "Schacher, Gerd"]
[Result "1-0"]
[WhiteElo "2240"]
[BlackElo "2255"]
[PlyCount "51"]
[EventDate "2025.??.??"]

1. e4 c5 2. Nf3 d6 3. d4 cxd4 4. Nxd4 Nf6 5. Nc3 a6 6. Be3 e5 7. Nb3 Be7 8. f3 Be6 9. Qd2 O-O 10. O-O-O a5 11. a4 Nc6 12. Bb5 Nb4 13. Qf2 Qc8 14. Kb1 d5 15. exd5 Nfxd5 16. Nxd5 Bxd5 17. Nc5 b6 18. Nd7 Bc6 19. Nxb6 Qe6 20. Bc4 Qg6 21. Nxa8 Rxa8 22. Bb3 h5 23. Bc5 Bxc5 24. Qxc5 e4 25. Rd6 Qxg2 26. Rg1 1-0

[Event "57.SMM Klausen/Rk-Gröden"]
[Site "?"]
[Date "2025.11.08"]
[Round "1.2"]
[White "Seebacher, Michael"]
[Black "Moroder, Stephan"]
[Result "1-0"]
[WhiteElo "2110"]
[BlackElo "2179"]
[PlyCount "69"]
[EventDate "8.??.??"]
[SourceVersionDate "2025.11.13"]

{[%evp 0,69,42,44,65,69,58,45,80,52,44,44,60,61,61,62,49,43,41,58,61,23,36,32,20,19,17,11,20,28,24,43,28,28,36,0,0,20,90,90,118,129,135,134,120,105,107,123,153,154,162,176,225,365,355,355,474,499,507,530,531,553,553,486,527,451,521,502,539,540,533,528]} 1. e4 c6 2. d4 d5 3. Nc3 g6 4. h3 dxe4 5. Nxe4 Nf6 6. Nxf6+ exf6 7. Nf3 Bg7 8. Bc4 O-O 9. O-O Nd7 10. Bb3 a5 11. c3 Nb6 12. a4 Re8 13. Re1 Nd5 14. c4 Rxe1+ 15. Qxe1 Nb4 16. Bd2 Bf8 17. Bc3 Bf5 18. Rd1 Qb6 19. c5 Qa6 20. Bxb4 axb4 21. Qxb4 Be4 22. Nd2 Bd3 23. Re1 Kg7 24. Re3 Rd8 25. g4 Rd7 26. Qc3 Be2 27. Ne4 Rd5 28. Bxd5 cxd5 29. Ng3 Bd1 30. b3 h5 31. Qe1 Bc2 32. Qd2 Bb1 33. Qd1 f5 34. gxf5 h4 35. Qxb1 1-0

[Event "57.SMM Klausen/Rk-Gröden"]
[Site "?"]
[Date "2025.11.08"]
[Round "1.3"]
[White "Demetz, Rainer"]
[Black "Seebacher, Reinhard"]
[Result "1-0"]
[WhiteElo "2213"]
[BlackElo "1927"]
[PlyCount "77"]
[EventDate "8.??.??"]
[SourceVersionDate "2025.11.13"]

{[%evp 0,77,27,16,17,-30,-7,-5,18,20,38,24,15,29,18,14,29,38,55,45,73,25,29,24,70,77,208,130,130,116,154,148,181,179,160,174,165,158,158,164,174,174,186,153,165,174,188,148,212,207,202,168,162,173,151,158,169,134,212,212,232,142,225,219,225,160,222,182,182,140,231,240,315,240,271,424,648,648,29995,29996]} 1. Nf3 d5 2. g3 Nf6 3. Bg2 c6 4. O-O g6 5. b3 Bg7 6. Bb2 O-O 7. d3 Nbd7 8. Nbd2 e6 9. c4 Re8 10. d4 Qc7 11. Qc2 dxc4 12. Nxc4 e5 13. Ncxe5 Nxe5 14. Nxe5 Bf5 15. e4 Bxe4 16. Bxe4 Nxe4 17. Qxe4 f6 18. f4 Rad8 19. Rad1 Qb6 20. Kg2 Rd5 21. Qf3 fxe5 22. dxe5 Red8 23. Rxd5 cxd5 24. Rd1 Qe6 25. Ba3 Bf8 26. Bxf8 Kxf8 27. Rd2 Kg8 28. Rc2 Qf5 29. Rc7 Qe6 30. Qc3 Qg4 31. Qf3 Qe6 32. Qd3 Qb6 33. Qc3 Qe6 34. h3 h5 35. Qd3 Kh8 36. Qd2 Qb6 37. Rf7 Re8 38. f5 gxf5 39. Qg5 1-0

[Event "57.SMM Klausen/Rk-Gröden"]
[Site "?"]
[Date "2025.11.08"]
[Round "1.4"]
[White "Schrott, Johann"]
[Black "Moroder, Thomas"]
[Result "0-1"]
[WhiteElo "1888"]
[BlackElo "2045"]
[PlyCount "88"]
[EventDate "2025.??.??"]

{[%evp 0,88,44,27,49,43,69,55,60,33,33,25,49,20,64,53,65,51,50,37,48,38,29,47,60,29,50,20,37,20,24,25,17,17,53,39,45,8,32,29,47,47,47,28,31,7,41,51,19,-10,26,20,-2,7,23,25,19,18,18,10,12,-1,42,2,43,0,59,48,30,-62,-59,-65,-80,-96,-128,-106,-95,-186,-193,-197,-142,-148,-141,-142,-144,-149,-157,-162,-166,-162,-169]} 1. e4 c5 2. Nf3 d6 3. d4 cxd4 4. Nxd4 Nf6 5. Nc3 a6 6. a4 e6 7. Be3 Nc6 8. Be2 Be7 9. Qd2 Qc7 10. f4 O-O 11. O-O Re8 12. Kh1 Rb8 13. Bd3 Nxd4 14. Bxd4 e5 15. Ba7 Ra8 16. Be3 exf4 17. Bxf4 Be6 18. Ne2 Bf8 19. h3 Bd7 20. Nc3 Bc6 21. Nd5 Bxd5 22. exd5 Ne4 23. Qb4 Nc5 24. Qd2 Nxd3 25. Qxd3 Rac8 26. Rac1 Qc4 27. Qxc4 Rxc4 28. b3 Rce4 29. Rf3 g6 30. c4 b6 31. Kh2 Re2 32. a5 Rb8 33. Ra1 Rb7 34. Ra3 b5 35. cxb5 Rxb5 36. Rc3 Rxd5 37. b4 Rd4 38. Bc1 d5 39. Rc6 Bxb4 40. Bh6 Re8 41. Ra2 Ra8 42. Rac2 Rc4 43. R2xc4 dxc4 44. Rxc4 Bxa5 0-1

[Event "57.SMM Klausen/Rk-Gröden"]
[Site "?"]
[Date "2025.11.08"]
[Round "1.5"]
[White "Bernardi, Ruben"]
[Black "Senn, Stefan"]
[Result "0-1"]
[WhiteElo "2028"]
[BlackElo "1650"]
[PlyCount "104"]
[EventDate "2025.??.??"]
[SourceVersionDate "2025.11.09"]

{[%evp 0,104,34,-23,-28,-11,11,-25,40,20,8,4,18,-6,60,12,61,42,68,61,61,61,61,61,61,44,44,44,50,25,65,65,65,61,34,25,36,-11,-1,-108,4,-121,-121,-121,27,0,7,-4,6,15,5,-149,-140,-139,-133,-145,-78,-82,-82,-82,27,-89,-142,-141,-141,-138,-89,-235,-235,-243,-230,-236,-199,-301,-231,-297,-297,-382,-292,-320,-387,-387,-387,-439,-431,-428,-410,-429,-406,-426,-318,-303,-311,-391,-97,-262,-260,-355,-355,-347,-261,-440,-402,-491,-441,-525,-525]} 1. b3 d5 2. Nf3 c5 3. e4 d4 4. Bc4 e6 5. O-O Ne7 6. b4 b6 7. d3 Ng6 8. c3 dxc3 9. bxc5 Bxc5 10. d4 Be7 11. Nxc3 O-O 12. Be3 Bb7 13. Rc1 Nd7 14. Qb3 Rc8 15. Rfd1 Nf6 16. d5 exd5 17. exd5 Bd6 18. a4 Ng4 19. Bd4 N4e5 20. Be2 Nxf3+ 21. Bxf3 Be5 22. g3 Bxd4 23. Rxd4 Qf6 24. Qd1 Rfd8 25. Ne4 Qxd4 26. Qxd4 Rxc1+ 27. Kg2 Rc7 28. Nc3 Rcd7 29. a5 Rd6 30. Nb5 Rxd5 31. Qb4 bxa5 32. Qxa5 Bc6 33. Qc7 Bxb5 34. Bxd5 Rxd5 35. Qb7 Re5 36. h4 h5 37. f4 Re2+ 38. Kf3 Rb2 39. Qxa7 Bc6+ 40. Ke3 Rb3+ 41. Kd4 Rxg3 42. Qc7 Bg2 43. Qc8+ Kh7 44. Qf5 f6 45. Qxh5+ Kg8 46. Qb5 Nf8 47. Qc4+ Kh7 48. h5 Bh3 49. Qc2+ Kh6 50. Qh2 Ne6+ 51. Kd5 Nxf4+ 52. Ke4 Nxh5 0-1

[Event "57.SMM Klausen/Rk-Gröden"]
[Site "?"]
[Date "2025.11.08"]
[Round "1.6"]
[White "Kircher, Kevin"]
[Black "Grossi, Christian"]
[Result "0-1"]
[WhiteElo "1672"]
[BlackElo "1986"]
[PlyCount "48"]
[EventDate "8.??.??"]
[SourceVersionDate "2025.11.13"]

{[%evp 0,48,18,33,43,42,66,60,63,25,25,37,49,55,75,60,61,54,65,12,67,36,27,25,31,-37,-20,-45,-45,-96,-91,-162,-173,-183,-162,-187,-192,-183,-141,-210,-223,-217,-196,-269,-277,-293,-296,-519,-489,-602,-652]} 1. e4 c5 2. Nf3 d6 3. d4 cxd4 4. Nxd4 Nf6 5. Nc3 a6 6. Be3 g6 7. Be2 Bg7 8. O-O b5 9. a3 O-O 10. f4 Bb7 11. Bf3 Nbd7 12. Rb1 Rc8 13. f5 Nc5 14. fxg6 hxg6 15. h4 Ncxe4 16. Nxe4 Bxe4 17. Bxe4 Nxe4 18. Qd3 Nf6 19. Rbe1 e5 20. Nb3 Ng4 21. Bg5 Qb6+ 22. Be3 Nxe3 23. Rxe3 Bh6 24. Rff3 e4 0-1

[Event "57.SMM B Tramin/Kaltern 2-Merania 2"]
[Site "Kaltern"]
[Date "2025.11.08"]
[Round "1.2"]
[White "Martinelli, Michele"]
[Black "Di Peco, Diego"]
[Result "0-1"]
[WhiteElo "1811"]
[BlackElo "1756"]
[PlyCount "78"]
[EventDate "2025.??.??"]

{[%evp 0,78,32,30,34,4,4,8,-1,-32,-19,-30,-38,-35,-14,-20,-26,-5,10,-26,-13,0,-2,1,24,-3,0,9,-2,-4,-1,-1,-9,-20,-22,-13,-4,-35,-39,-43,-44,-44,-46,-75,-52,-27,-4,-6,-2,-7,-22,-59,121,-14,-19,-134,-134,-138,18,-109,-104,-105,-130,-124,-134,-156,-120,-126,-110,-114,-98,-114,-110,-142,-118,-116,-110,-121,-107,-135,-150]} 1. e4 e6 2. d3 d5 3. Nd2 Nf6 4. Qe2 Be7 5. Ngf3 O-O 6. g3 Nc6 7. e5 Nd7 8. c3 Qe8 9. Bg2 f6 10. exf6 Nxf6 11. O-O Bd6 12. d4 e5 13. dxe5 Nxe5 14. Nxe5 Qxe5 15. Qxe5 Bxe5 16. Nf3 Bd6 17. Be3 Ng4 18. Bd2 c6 19. h3 Nf6 20. Be3 Ne4 21. Kh2 h6 22. Rad1 Bc5 23. Bxc5 Nxc5 24. Ne5 Bf5 25. c4 Rad8 26. Rfe1 dxc4 27. Nxc4 Rxd1 28. Rxd1 Bd3 29. f4 Bxc4 30. Rc1 Bxa2 31. Rxc5 a6 32. f5 Rd8 33. Rc2 Bb1 34. Rf2 Rd6 35. Bf1 Ba2 36. h4 Kf7 37. b3 Bb1 38. g4 Be4 39. Kg3 Rd4 0-1

[Event "57.SMM B Tramin/Kaltern 2-Merania 2"]
[Site "Kaltern"]
[Date "2025.11.08"]
[Round "1.3"]
[White "Götsch, Thomas"]
[Black "Niederstätter, Lukas"]
[Result "1-0"]
[WhiteElo "1699"]
[BlackElo "1690"]
[PlyCount "65"]
[EventDate "2025.??.??"]

{[%evp 0,65,30,25,67,81,58,58,58,27,27,13,16,29,40,34,42,37,33,40,28,57,46,57,55,55,53,52,83,8,34,13,50,29,10,12,27,18,114,53,34,48,238,235,351,351,455,421,412,429,833,574,801,1348,1348,1852,1585,2060,2549,1807,29995,2522,29997,29990,29997,29998,29999,-30000]} 1. e4 Nf6 2. e5 Nd5 3. c4 Nb6 4. d4 d6 5. f4 Bf5 6. Nc3 dxe5 7. fxe5 e6 8. Be3 Nc6 9. Nf3 Bb4 10. Be2 O-O 11. O-O h6 12. a3 Bxc3 13. bxc3 Na5 14. c5 Nd5 15. Bd2 Nc6 16. c4 Nde7 17. Be3 Be4 18. g4 h5 19. h3 hxg4 20. hxg4 Ng6 21. Ng5 Bc2 22. Qxc2 Nxd4 23. Qd3 Nxe2+ 24. Qxe2 Nxe5 25. Qh2 Re8 26. Qh7+ Kf8 27. Qh8+ Ke7 28. Qxg7 Rf8 29. Qxe5 Rc8 30. Nxe6 fxe6 31. Bg5+ Ke8 32. Qxe6+ Qe7 33. Qxe7# 1-0

[Event "57.SMM B J.Richter/Lask BZ 2-Sterzing"]
[Site "?"]
[Date "2025.11.08"]
[Round "1.1"]
[White "Haller, Quentin"]
[Black "Fongarolli, Diego"]
[Result "1-0"]
[WhiteElo "2082"]
[BlackElo "1935"]
[PlyCount "65"]
[EventDate "2025.11.08"]

{[%evp 0,65,27,29,29,-2,-3,-23,16,18,28,33,49,49,74,42,61,47,79,107,80,66,66,85,104,84,84,76,76,51,55,57,50,56,52,52,33,35,71,51,65,60,49,65,65,41,38,25,34,33,33,46,46,41,41,42,33,31,158,142,135,66,57,51,145,106,351,353]} 1. d4 Nf6 2. Bg5 Ne4 3. Bf4 c5 4. f3 Nf6 5. d5 d6 6. e4 Qb6 7. Nd2 e5 8. Be3 Be7 9. Bd3 Na6 10. a3 Bd7 11. b4 Bb5 12. Bxb5+ Qxb5 13. c4 Qd7 14. bxc5 Nxc5 15. Bxc5 dxc5 16. Ne2 O-O 17. O-O Ne8 18. f4 f6 19. Nf3 Bd6 20. fxe5 Bxe5 21. Nxe5 fxe5 22. Rxf8+ Kxf8 23. Ng3 Nd6 24. Qh5 Kg8 25. Qxe5 Re8 26. Qf4 Nxc4 27. Rc1 b5 28. Nf5 Ne5 29. Rxc5 g6 30. Ng3 a5 31. Qe3 Nc4 32. Qd4 Nxa3 33. d6 1-0

[Event "57.SMM B J.Richter/Lask BZ 2-Sterzing"]
[Site "?"]
[Date "2025.11.08"]
[Round "1.5"]
[White "Demozzi, Daniel"]
[Black "Unterweger, Christian"]
[Result "1-0"]
[WhiteElo "1765"]
[BlackElo "1794"]
[PlyCount "73"]
[EventDate "2025.11.08"]

{[%evp 0,73,29,-64,-54,-59,-52,-36,-48,-50,-36,-33,-41,-78,-23,-26,-26,-44,-17,1,-22,-22,-19,-21,-22,-26,40,26,48,18,35,22,34,46,41,52,35,25,28,19,70,51,61,49,51,54,68,49,38,29,61,41,15,0,24,0,93,100,93,85,161,185,197,185,235,112,107,111,274,311,317,311,29989,29990,29995,29996]} 1. b4 d5 2. Bb2 Nf6 3. e3 e6 4. a3 c5 5. b5 Nbd7 6. c4 Be7 7. Nf3 O-O 8. d3 Qc7 9. Nbd2 a6 10. a4 axb5 11. axb5 Rxa1 12. Qxa1 Ne8 13. Be2 Bf6 14. O-O Bxb2 15. Qxb2 Nef6 16. Ra1 b6 17. Ra4 Bb7 18. Qa1 Rb8 19. Ra7 h6 20. h3 Re8 21. Nh4 Rb8 22. Nhf3 Re8 23. Nh2 Qb8 24. Ng4 e5 25. Nxf6+ Nxf6 26. cxd5 Bxd5 27. e4 Bb7 28. Nc4 Qc7 29. Nxe5 Nd7 30. Nc4 Qb8 31. Bg4 Nf6 32. Nxb6 Nxg4 33. hxg4 Bxe4 34. Nd7 Qxb5 35. dxe4 Rxe4 36. Ra8+ Kh7 37. Nf8+ 1-0

[Event "57.SMM B ASD Arci BZ 3-Naturns"]
[Site "?"]
[Date "2025.11.08"]
[Round "1.1"]
[White "Unterthurner, Hans"]
[Black "Niederstätter, Harald"]
[Result "1/2-1/2"]
[WhiteElo "1945"]
[BlackElo "1876"]
[PlyCount "42"]
[EventDate "2025.??.??"]
[SourceVersionDate "2025.11.10"]

{[%evp 0,42,27,25,65,65,72,64,64,0,0,28,30,3,20,23,40,20,2,17,-2,-20,29,13,33,30,25,0,41,38,61,19,52,39,27,24,18,1,14,4,8,24,23,12,24]} 1. e4 c6 2. d4 d5 3. exd5 cxd5 4. c4 Nf6 5. Nc3 Nc6 6. Bg5 Be6 7. Nf3 g6 8. Be2 Bg7 9. O-O O-O 10. c5 Bg4 11. h3 Bxf3 12. Bxf3 e6 13. a3 Qd7 14. Be3 a5 15. Qd3 Rfd8 16. Rfd1 e5 17. dxe5 Nxe5 18. Qe2 Qc6 19. Bd4 Nxf3+ 20. Qxf3 Ne4 21. Qe3 Bxd4 1/2-1/2

[Event "57.SMM B ASD Arci BZ 3-Naturns"]
[Site "?"]
[Date "2025.11.08"]
[Round "1.3"]
[White "Nägele, Norbert"]
[Black "Pichler, Klaus"]
[Result "1-0"]
[WhiteElo "1856"]
[BlackElo "1849"]
[PlyCount "53"]
[EventDate "2025.??.??"]
[SourceVersionDate "2025.11.10"]

{[%evp 0,53,27,25,40,40,52,67,65,65,67,42,63,61,99,99,99,103,89,85,90,77,80,77,146,152,150,99,95,59,126,102,95,77,56,52,238,72,68,43,43,195,195,245,382,299,401,413,408,413,461,413,461,531,554,548]} 1. e4 d5 2. exd5 Qxd5 3. Nc3 Qd6 4. d4 Nf6 5. Nf3 a6 6. g3 b5 7. Bf4 Qb6 8. Bg2 Bb7 9. O-O e6 10. Re1 Be7 11. a4 c6 12. Ne5 O-O 13. a5 Qd8 14. Qd2 Bb4 15. Bg5 Bxa5 16. Qf4 Bxc3 17. bxc3 Nd5 18. Qg4 Nf6 19. Qh4 h6 20. Bxh6 gxh6 21. Qxh6 Nh7 22. Re4 Qf6 23. Rg4+ Kh8 24. Qh5 Qf5 25. Qh6 Qf6 26. Qh5 Qf5 27. Qh3 1-0

[Event "57.SMM B T. Sparkasse-Brixen/Milland 2"]
[Site "?"]
[Date "2025.11.08"]
[Round "1.5"]
[White "Gamper, Moritz"]
[Black "Ovadya, Eytan"]
[Result "1-0"]
[WhiteElo "1570"]
[BlackElo "1400"]
[PlyCount "67"]
[EventDate "2025.??.??"]
[SourceVersionDate "2025.11.10"]

{[%evp 0,67,36,12,18,20,23,22,26,31,15,9,31,17,9,14,22,-4,17,13,30,20,20,22,26,25,24,36,59,51,83,89,64,10,23,-7,4,0,70,40,51,2,100,75,68,93,171,169,173,147,250,39,260,270,254,267,442,300,354,354,395,398,412,412,824,844,2324,2538,29987,29988]} 1. d4 d5 2. Nf3 Nf6 3. Bf4 Bf5 4. e3 e6 5. Bd3 Bd6 6. Bxf5 exf5 7. Nbd2 Nc6 8. c3 O-O 9. O-O Bxf4 10. exf4 Qd6 11. Ne5 Rae8 12. Qb3 b6 13. Qa4 Na5 14. b4 Nc4 15. Ndxc4 dxc4 16. Qxa7 Nd5 17. Nxc4 Qxf4 18. Qa3 b5 19. Ne5 Re6 20. Qc1 Qe4 21. Re1 Qh4 22. a4 c6 23. a5 Rfe8 24. Qd2 f4 25. Nxc6 h6 26. Rxe6 Rxe6 27. Ne5 f3 28. Nxf3 Qg4 29. h3 Qg6 30. Ne5 Qf5 31. a6 Nf4 32. a7 Qe4 33. a8=Q+ Kh7 34. Qxe4+ 1-0

[Event "57.SMM B SC Taufers-Gröden 2"]
[Site "Sand in Taufers "]
[Date "2025.11.08"]
[Round "1.1"]
[White "Alam, Syed Mahbubul"]
[Black "Holzer, Philipp"]
[Result "0-1"]
[WhiteElo "1947"]
[BlackElo "1906"]
[PlyCount "66"]
[EventDate "2025.??.??"]

{[%evp 0,66,28,23,12,25,8,5,7,11,11,12,13,22,26,7,11,5,9,1,10,7,18,15,18,-1,1,0,0,0,0,-7,3,-13,11,7,22,27,25,18,27,23,29,20,32,33,28,18,17,15,35,33,35,30,41,-116,-110,-115,-102,-111,-113,-121,-88,-84,-85,-78,-78,-87,-122]} 1. e4 e5 2. Bc4 Nf6 3. d3 Bc5 4. Nc3 d6 5. Nf3 h6 6. Be3 Bb6 7. h3 O-O 8. O-O Be6 9. Bb3 Nbd7 10. d4 Bxb3 11. axb3 Re8 12. Qd3 exd4 13. Bxd4 Nc5 14. Bxc5 Bxc5 15. Rfe1 a6 16. Nd5 Nxd5 17. exd5 Qf6 18. c3 g6 19. Re4 Kf8 20. Rae1 Rad8 21. Qe2 Rxe4 22. Qxe4 Bb6 23. Re2 Kg7 24. Nd2 h5 25. Nc4 Ba7 26. b4 Rb8 27. Qe7 Bxf2+ 28. Kh1 Ba7 29. Nd2 Qxe7 30. Rxe7 Bb6 31. Nc4 Kf6 32. Rd7 Bf2 33. Rxc7 Bg3 {0-} 0-1

[Event "57.SMM B SC Taufers-Gröden 2"]
[Site "?"]
[Date "2025.11.08"]
[Round "1.2"]
[White "Niederkofler, Andreas"]
[Black "Kasslatter, Matthias"]
[Result "1/2-1/2"]
[WhiteElo "1882"]
[BlackElo "1761"]
[PlyCount "84"]
[EventDate "2025.??.??"]

{[%evp 0,83,27,12,8,8,13,-21,2,0,5,1,6,1,5,2,35,23,38,40,38,31,48,41,27,-10,59,67,96,105,97,107,94,94,72,88,113,123,142,81,104,123,121,126,149,146,180,165,152,128,150,23,28,25,29,36,34,34,24,31,77,101,102,49,45,0,25,0,0,0,0,0,0,0,0,0,0,0,0,0,0,16,17,17,17,17]} 1. e4 e5 2. Nf3 Nc6 3. d4 exd4 4. Nxd4 Nf6 5. Nxc6 bxc6 6. e5 Nd5 7. c4 Bb4+ 8. Bd2 Bxd2+ 9. Qxd2 Ne7 10. Nc3 d5 11. Rd1 Be6 12. cxd5 Nxd5 13. Bc4 Nxc3 14. Qxc3 Qe7 15. O-O O-O 16. Bxe6 Qxe6 17. b3 Rfe8 18. f4 Rab8 19. Rf2 Qg4 20. Qf3 Qxf3 21. Rxf3 Rb6 22. Rd7 Rc8 23. f5 Rb5 24. Re3 Kf8 25. g4 Rd5 26. Rxd5 cxd5 27. Kf2 c5 28. Rd3 d4 29. Kf3 c4 30. bxc4 Rxc4 31. Rd2 Ke7 32. h3 Rc3+ 33. Ke4 Rxh3 34. Rxd4 Ra3 35. Rd2 Ra4+ 36. Kf3 h6 37. Rb2 Ra3+ 38. Kf4 Ra4+ 39. Kf3 a6 40. Rb7+ Kf8 41. Rb8+ Ke7 42. Rb7+ Kf8 1/2-1/2